Statistics for Places named after British royalty

Click here to take the quiz!

General Stats

  • This quiz has been taken 220 times
  • The average score is 7 of 16

Answer Stats

HintAnswer% Correct
Capital citiesVictoria
90%
Australian stateVictoria
90%
IslandsVictoria Island
90%
US statesVirginia
77%
Australian statesQueensland
61%
US statesGeorgia
57%
Canadian provincesPrince Edward Island
53%
US statesMaryland
52%
Capital citiesGeorgetown
46%
US stateWest Virginia
46%
Canadian provincesNew Brunswick
13%
IslandsPrince Charles Island
3%
IslandsPrince of Wales Island
3%
IslandsKing William Island
2%
Capital citiesNassau
2%
IslandsPrince Patrick Island
1%

Score Distribution

Percentile by Number Answered

Percent of People with Each Score

Your Score History

You have not taken this quiz